LEADER 01129nam a2200253 i 4500 001 000000255198 003 CaOOAMICUS 005 20250915120909.0 008 170830s1995 it u000 u ita u 013 $a234103 040 $aSeMil$bita 100 1 $aWailly, Leon : de.$0(OLS)http://semarc/name/94471 245 10$aBenvenuto Cellini :$bopera in due atti /$cdi L. de Wailly e A. Barbier in lingua originale con sopratitoli in italiano ; musica di Hector Berlioz. 260 $aRoma :$bTeatro dell'Opera di Roma,$c1995. 300 $a145 p. :$bill. ;$c30 cm. 500 $aIn testa al front.: Serata inaugurale : Sabato 14 Gennaio 1995 ore 19,00. 700 1 $aBerlioz, Hector <1803-1869>.$0(OLS)http://semarc/name/91024 700 1 $aBarbier, Auguste.$0(OLS)http://semarc/name/94472 850 $aSeMil 852 $aSeMil$W1$xVenegono$y1$m3Q VI 108$j205544$B205544$CSeMilBibl$Z2$F219184 $81 961 $aOmaggio: Altro 996 $6245$aBenvenuto Cellini :$bopera in due atti$9(OLS)http://semarc/title/411513 996 $6260$aRoma :$bTeatro dell'Opera di Roma$9(OLS)http://semarc/publisher/52240 LEADER 01050nam a2200205 i 4500 001 000000225840 003 CaOOAMICUS 005 20131219000000.0 008 131219s1831 it u000 u ita u 013 $a204742 040 $aSeMil$bita 245 10$aCommonitorio di S. Vincenzo Lerinese :$btradotto nella lingua italiana col testo latino a fronte ed accompagnato da brevi notizie del santo e da annotazioni /$cdal sacerdote Elia Giardini. 260 $aPavia :$bFusi e C.,$c1831. 300 $a250 p. ;$c23 cm. 700 1 $aGiardini, Elia.$0(OLS)http://semarc/name/74583 700 0 $aVincentius : Lerinensis,$c.$0(OLS)http://semarc/name/17885 850 $aSeMil 852 $aSeMil$W1$xVenegono$y1$m2T V 15 FA$j176186$B176186$CSeMilBibl$Z2$F186721 $8I 996 $6245$aCommonitorio di S. Vincenzo Lerinese :$btradotto nella lingua italiana col testo latino a fronte ed accompagnato da brevi notizie del santo e da annotazioni$9(OLS)http://semarc/title/323459 996 $6260$aPavia :$bFusi e C.$9(OLS)http://semarc/publisher/46832